[Event "Werther Schloss op-C 10th"]
[Site "Werther"]
[Date "2004.04.03"]
[Round "2"]
[White "Koeritz, Olaf"]
[Black "Brigawi, Fadi"]
[Result "0-1"]
[WhiteElo "1260"]
[BlackElo "1695"]
[PlyCount "72"]
[EventDate "2004.04.02"]
[EventType "swiss"]
[EventRounds "5"]
[EventCountry "GER"]
[SourceTitle "EXT 2006"]
[Source "ChessBase"]
[SourceDate "2005.11.24"]
[SourceVersion "1"]
[SourceVersionDate "2005.11.24"]
[SourceQuality "1"]

1. e4 c5 2. d4 cxd4 3. Qxd4 Nc6 4. Qd1 e5 5. Nf3 Nf6 6. Bc4 Bc5 7. Nc3 0-0 8. Bg5 Qb6 9. 0-0 Qxb2 10. Nd5 Nxe4 11. Bh4 Nd4 12. Nxe5 Nf5 13. Nd3 Qd4 14. Nxc5 Qxc5 15. Qg4 Qxc4 16. Qxf5 Nd2 17. Ne3 Qxh4 18. g3 Qd4 19. Rad1 d5 20. Qg5 Qc3 21. Nxd5 Nf3+ 22. Kg2 Nxg5 23. Nxc3 Bh3+ 24. Kg1 Bxf1 25. Kxf1 Rac8 26. Nd5 Rxc2 27. Ne7+ Kh8 28. Rd7 Rxa2 29. Rxb7 g6 30. Nd5 Rd8 31. Nc3 Ra1+ 32. Kg2 Kg7 33. h4 Ne6 34. Nb5 a5 35. f4 a4 36. Kf3 Nd4+ 0-1